Most Populated City in Each County in Georgia - Statistics

General Stats
  • This quiz has been taken 38 times
  • The average score is 43 of 159
Answer Stats
County City Pop. City % Correct
Clarke 127,358 Athens
100%
Fulton 496,461 Atlanta
100%
Richmond 201,196 Augusta
100%
Chatham 147,088 Savannah
100%
Bibb 153,095 Macon
92%
Muscogee 197,485 Columbus
83%
Lowndes 55,567 Valdosta
83%
Cobb 61,497 Marietta
75%
Houston 81,446 Warner Robins
75%
Floyd 37,746 Rome
67%
Glynn 14,629 Brunswick
58%
Whitfield 34,285 Dalton
58%
Wilkes 3,704 Washington
58%
Dougherty 69,048 Albany
50%
Coffee 11,727 Douglas
50%
Hall 43,417 Gainesville
50%
Butts 5,622 Jackson
50%
Jackson 13,986 Jefferson
50%
Troup 31,551 LaGrange
50%
Morgan 4,894 Madison
50%
Fayette 38,818 Peachtree City
50%
Bulloch 33,399 Statesboro
50%
Tift 17,235 Tifton
50%
Ware 13,759 Waycross
50%
Gordon 17,318 Calhoun
42%
Bartow 23,222 Cartersville
42%
Oglethorpe 877 Crawford
42%
Laurens 16,121 Dublin
42%
Heard 923 Franklin
42%
Pickens 4,235 Jasper
42%
Brooks 4,101 Quitman
42%
Thomas 18,867 Thomasville
42%
Sumter 15,989 Americus
33%
Decatur 14,292 Bainbridge
33%
Carroll 27,493 Carrollton
33%
Rabun 2,035 Clayton
33%
Miller 1,933 Colquitt
33%
Forsyth 7,235 Cumming
33%
Terrell 4,317 Dawson
33%
Spalding 23,643 Griffin
33%
Liberty 35,420 Hinesville
33%
Walker 6,968 LaFayette
33%
Henry 30,356 McDonough
33%
Baldwin 17,165 Milledgeville
33%
Upson 9,761 Thomaston
33%
Stephens 9,188 Toccoa
33%
Burke 5,688 Waynesboro
33%
Cook 5,507 Adel
25%
Union 526 Blairsville
25%
Fannin 1,244 Blue Ridge
25%
Taylor 1,809 Butler
25%
Polk 10,270 Cedartown
25%
Murray 4,804 Chatsworth
25%
White 3,511 Cleveland
25%
Crisp 10,044 Cordele
25%
Habersham 4,791 Cornelia
25%
Newton 14,391 Covington
25%
Paulding 14,423 Dallas
25%
McIntosh 1,517 Darien
25%
Douglas 35,561 Douglasville
25%
Elbert 4,678 Elberton
25%
Gilmer 1,847 Ellijay
25%
Monroe 4,512 Forsyth
25%
Jones 3,407 Gray
25%
Greene 3,649 Greensboro
25%
Hart 4,503 Hartwell
25%
Jeff Davis 4,065 Hazlehurst
25%
Wayne 9,899 Jesup
25%
Lee 3,506 Leesburg
25%
Lincoln 1,461 Lincolnton
25%
Walton 15,264 Monroe
25%
Calhoun 1,576 Morgan
25%
Coweta 43,298 Newnan
25%
Baker 588 Newton
25%
Camden 18,521 St. Marys
25%
DeKalb 59,863 Stonecrest
25%
Chattooga 4,400 Summerville
25%
Emanuel 7,438 Swainsboro
25%
Dade 2,201 Trenton
25%
Toombs 10,710 Vidalia
25%
Cherokee 36,198 Woodstock
25%
Wilcox 2,662 Abbeville
17%
Bacon 3,397 Alma
17%
Turner 4,218 Ashburn
17%
Lamar 6,389 Barnesville
17%
Appling 5,008 Baxley
17%
Pierce 3,537 Blackshear
17%
Early 5,252 Blakely
17%
Haralson 7,474 Bremen
17%
Grady 10,015 Cairo
17%
Mitchell 5,046 Camilla
17%
Evans 2,580 Claxton
17%
Bleckley 5,070 Cochran
17%
Rockdale 17,508 Conyers
17%
Chattahoochee 9,048 Cusseta
17%
Lumpkin 6,654 Dahlonega
17%
Dawson 4,172 Dawsonville
17%
Seminole 2,822 Donalsonville
17%
Dodge 5,595 Eastman
17%
Putnam 6,436 Eatonton
17%
Ben Hill 8,977 Fitzgerald
17%
Catoosa 10,531 Fort Oglethorpe
17%
Quitman 2,243 Georgetown
17%
Wilkinson 1,769 Gordon
17%
Pulaski 3,997 Hawkinsville
17%
Clinch 2,317 Homerville
17%
Franklin 2,157 Lavonia
17%
Meriwether 3,563 Manchester
17%
Candler 3,994 Metter
17%
Jenkins 2,934 Millen
17%
Macon 3,076 Montezuma
17%
Colquitt 14,587 Moultrie
17%
Berrien 4,869 Nashville
17%
Gwinnett 42,108 Peachtree Corners
17%
Atkinson 1,847 Pearson
17%
Harris 1,254 Pine Mountain
17%
Effingham 11,016 Rincon
17%
Washington 5,654 Sandersville
17%
Treutlen 2,843 Soperton
17%
Screven 2,661 Sylvania
17%
Worth 5,549 Sylvester
17%
McDuffie 6,873 Thomson
17%
Dooly 2,912 Vienna
17%
Warren 1,737 Warrenton
17%
Oconee 2,937 Watkinsville
17%
Barrow 18,825 Winder
17%
Wheeler 783 Alamo
8%
Banks 3,755 Baldwin
8%
Marion 1,502 Buena Vista
8%
Taliaferro 481 Crawfordville
8%
Randolph 3,091 Cuthbert
8%
Schley 1,553 Ellaville
8%
Charlton 4,408 Folkston
8%
Clayton 19,798 Forest Park
8%
Clay 999 Fort Gaines
8%
Peach 8,863 Fort Valley
8%
Glascock 630 Gibson
8%
Tattnall 3,707 Glennville
8%
Twiggs 933 Jeffersonville
8%
Lanier 2,762 Lakeland
8%
Long 1,665 Ludowici
8%
Columbia 34,912 Martinez
8%
Telfair 5,903 McRae-Helena
8%
Jasper 2,645 Monticello
8%
Montgomery 1,993 Mount Vernon
8%
Brantley 1,004 Nahunta
8%
Irwin 3,720 Ocilla
8%
Webster 418 Preston
8%
Stewart 1,479 Richland
8%
Bryan 17,556 Richmond Hill
8%
Hancock 1,332 Sparta
8%
Echols 1,040 Statenville
8%
Talbot 740 Talbotton
8%
Jefferson 1,622 Wadley
8%
Johnson 3,309 Wrightsville
8%
Towns 1,327 Young Harris
8%
Pike 1,255 Zebulon
8%
Madison 1,581 Comer
0%
Crawford 782 Roberta
0%
No matching quizzes found
Score Distribution
Percent of People with Each Score
Percentile by Number Answered
Your Score History
You have not taken this quiz